| 000 | 00802nam a2200229 i 4500 | ||
|---|---|---|---|
| 001 | 32968 | ||
| 003 | ES-MaACL | ||
| 005 | 20250809040608.0 | ||
| 007 | t| | ||
| 008 | 030131s1981 sp ||||1| spa d | ||
| 100 | 1 |
_aBentham, Jeremy. _927787 |
|
| 245 | 1 | 0 |
_aTratados de legislación civil y penal / _cJeremias Bentham ; edición preparada por Magdalena Rodríguez Gil. |
| 260 |
_aMadrid : _bEditora Nacional, _c[1981] |
||
| 300 |
_a638 p. ; _c21 cm. |
||
| 490 | 1 | _aClásicos para una biblioteca contemporánea | |
| 650 | 0 | 7 |
_aDerecho civil _2embne _911656 |
| 650 | 0 | 7 |
_aDerecho penal _2embne _911749 |
| 700 | 1 |
_aRodríguez Gil, Magdalena. _998552 |
|
| 830 | 0 |
_aClásicos para una biblioteca contemporánea _9181899 |
|
| 852 |
_aES-MaACL _jL-1493 _bR.102283 |
||
| 999 |
_c32968 _d32968 |
||